000 00544nam a22001817a 4500
005 20251108165243.0
008 250721s1993 xx 000 0 ara d
082 1 4 _a613.7/حسا
100 1 _aرفقي، حسام
245 1 0 _aالصحة و اللياقة البدنية و إنقاص الوزن /
264 1 _aالقاهرة :
_bمكتبة النهضة المصرية،
_c1993.
300 _a393ص
650 1 7 _aاللياقة البدنية
650 1 7 _aالصحة
650 1 7 _aالريجيم
942 _2ddc
_cBK
999 _c23341
_d23341